000 02089nam a2200565 i 4500
001 25916
003 KOSZ 005
005 20200804123210.0
008 200804s1974 pl a f 001 0 pol
015 _aUWD 1974/3671
035 _a991029578109705066
035 _a(PL-WaBN)b17987672-48omnis_nlop
035 _ab17987672
035 _a(OCoLC)69544716
035 _a(PL)b0000001798767
035 _a(EXLNZ-48OMNIS_NETWORK)9910247781805606
040 _aWA N
_cWA N
_dKOSZ 005/RW
041 1 _apol
_heng
046 _k1967
080 _a62-5
080 _a51
080 _a(07)
100 1 _aOgata, Katsuhiko
_d(1925- )
_eAutor
245 1 0 _aMetody przestrzeni stanów w teorii sterowania /
_cKatsuhiko Ogata ; tłumaczyli Stefan Romicki, Krzysztof Amborski.
246 1 _iTytuł oryginału:
_aState space analysis of control systems,
_f1967
260 _aWarszawa :
_bWydawnictwa Naukowo-Techniczne,
_c1974.
300 _a580, [2] stron :
_bilustracje, wykresy, errata ;
_c25 cm.
336 _aTekst
_btxt
_2rdacontent
337 _aBez urządzenia pośredniczącego
_bn
_2rdamedia
338 _aWolumin
_bnc
_2rdacarrier
380 _aKsiążki
380 _aPublikacje fachowe
380 _aPublikacje dydaktyczne
388 1 _a1901-2000
388 1 _a1945-1989
504 _aBibliografia przy rozdziałach. Indeks.
521 8 _aKsiążka jest przeznaczona dla pracowników naukowych, magistrów inżynierów automatyków oraz dla studentów i doktorantów kierunku automatyka.
650 7 _aAutomatyka
_2DBN
650 7 _aTeoria sterowania
650 7 _aModele matematyczne
650 7 _aZastosowanie i wykorzystanie
655 7 _aPodręcznik
658 _aInżynieria i technika
700 1 _aAmborski, Krzysztof
_eTłumaczenie
700 1 _aRomicki, Stefan
_eTłumaczenie
710 2 _aWydawnictwa Naukowo-Techniczne
_4pbl
856 _uhttp://koha.tu.koszalin.pl/cgi-bin/koha/opac-detail.pl?biblionumber=25916
_yKatalog online BPK
942 _2UKD
_cKS
999 _c25916
_d25916